Produkcia peľu na včelích farmách

Zvyšovanie počtu domácich malých včelích fariem na Slovensku. Získavanie, produkcia, uskladňovanie, nutričný význam peľu.

Guardado en:
Detalles Bibliográficos
Autor principal: Sudzina, Marián
Otros Autores: Kačániová, Miroslava, Stričík, Michal, 1969-
Formato: Capítulo de libro
Lenguaje:eslovaco
Materias:
Etiquetas: Agregar Etiqueta
Sin Etiquetas, Sea el primero en etiquetar este registro!

MARC

LEADER 00000naa a2200000 4500
001 0193821
005 20240502073239.0
041 0 |a slo 
044 |a SK 
245 1 0 |a Produkcia peľu na včelích farmách  |c Marián Sudzina, Miroslava Kačániová, Michal Stričík 
520 |a Zvyšovanie počtu domácich malých včelích fariem na Slovensku. Získavanie, produkcia, uskladňovanie, nutričný význam peľu. 
610 2 0 |a včelárstvo 
610 2 0 |a produkty 
610 2 0 |a výrobky domáce 
610 2 0 |a Slovensko 
100 1 |a Sudzina, Marián 
700 1 |a Kačániová, Miroslava 
700 1 |a Stričík, Michal, 1969-